[Event "Wch U12"]
[Site "Montesilvano"]
[Date "2024.11.23"]
[Round "8"]
[White "Golubovic, Erik"]
[Black "Bundan, Edward"]
[Result "1-0"]
[WhiteElo "2147"]
[BlackElo "1905"]
[PlyCount "169"]
[EventDate "2024.11.15"]
[EventType "swiss"]
[EventRounds "11"]
[EventCountry "ITA"]
[SourceTitle "CB48_2024"]
[SourceDate "2024.11.28"]
[SourceVersion "1"]
[SourceVersionDate "2024.11.28"]
[SourceQuality "1"]

1. d4 Nf6 2. c4 e6 3. Nf3 d5 4. g3 Bb4+ 5. Bd2 Bd6 6. Bg2 c6 7. 0-0 0-0 8. Qc2 Ne4 9. Bc3 Nd7 10. Nbd2 f5 11. Ne5 Ndf6 12. b3 Nxc3 13. Qxc3 Qe7 14. Ndf3 Ne4 15. Qc2 a5 16. c5 Bc7 17. a3 g5 18. Nd3 g4 19. Nfe5 Bxe5 20. Nxe5 Ng5 21. b4 Nf7 22. Nd3 e5 23. dxe5 Nxe5 24. Nf4 Be6 25. b5 Nc4 26. bxc6 bxc6 27. h3 gxh3 28. Bxh3 Bd7 29. Qd1 Rad8 30. Qd4 Qe4 31. Qc3 Qe5 32. Qd3 Qe4 33. Qc3 Qe5 34. Qd3 Qe4 35. Bg2 Qxd3 36. exd3 Nd2 37. Rfd1 Nb3 38. Rab1 Nxc5 39. Rdc1 Ne6 40. Nxe6 Bxe6 41. Rxc6 Bf7 42. Rc5 a4 43. Rb4 Rc8 44. Rxc8 Rxc8 45. Rxa4 Rc3 46. Rd4 Rxa3 47. Bxd5 Bxd5 48. Rxd5 Kg7 49. Rxf5 Rxd3 50. Kg2 Kg6 51. Ra5 Rb3 52. f4 Rc3 53. Kh3 Rb3 54. Kg4 Rc3 55. Ra6+ Kg7 56. Rb6 Ra3 57. Rc6 Rb3 58. Ra6 Rc3 59. Rb6 Ra3 60. f5 Rc3 61. Ra6 Rb3 62. Kh4 Rc3 63. Rb6 Ra3 64. Rc6 Rb3 65. Ra6 Rc3 66. g4 Rc4 67. Kg5 Rc5 68. Ra7+ Kg8 69. Re7 Rc6 70. Rd7 Rb6 71. Rc7 Ra6 72. Rb7 Rc6 73. Ra7 Rb6 74. Re7 Ra6 75. Re6 Ra4 76. Kf6 h6 77. Re8+ Kh7 78. Re7+ Kh8 79. g5 hxg5 80. Kg6 Ra8 81. Rh7+ Kg8 82. f6 Ra6 83. Rb7 Ra8 84. Rg7+ Kf8 85. Rh7 1-0

[Event "Wch U12"]
[Site "Montesilvano"]
[Date "2024.11.22"]
[Round "7"]
[White "Platonovs, Nikolajs"]
[Black "Golubovic, Erik"]
[Result "1-0"]
[WhiteElo "1969"]
[BlackElo "2147"]
[PlyCount "139"]
[EventDate "2024.11.15"]
[EventType "swiss"]
[EventRounds "11"]
[EventCountry "ITA"]
[SourceTitle "CB48_2024"]
[SourceDate "2024.11.28"]
[SourceVersion "1"]
[SourceVersionDate "2024.11.28"]
[SourceQuality "1"]

1. e4 c5 2. Nf3 d6 3. d4 cxd4 4. Nxd4 Nf6 5. Nc3 a6 6. Be3 e5 7. Nb3 Be7 8. f3 Be6 9. Qd2 0-0 10. 0-0-0 Nbd7 11. g4 b5 12. g5 Nh5 13. Nd5 Bxd5 14. exd5 f6 15. gxf6 Bxf6 16. Na5 Qe8 17. Nc6 Bd8 18. Nxd8 Qxd8 19. Bh3 Nf4 20. Be6+ Kh8 21. Rhg1 Rf6 22. Bxf4 Rxf4 23. Rg4 Rxg4 24. fxg4 Nc5 25. Rf1 Qe8 26. Qg2 Rd8 27. Bf5 Qe7 28. Be4 Rf8 29. Rxf8+ Qxf8 30. Qf3 Qe7 31. Kb1 g6 32. c3 Kg7 33. Bc2 Qh4 34. Qe2 Qg5 35. b4 Nd7 36. a4 Nf6 37. axb5 axb5 38. Qxb5 Qd2 39. g5 Qxg5 40. Qb7+ Kh6 41. Qe7 Qg1+ 42. Kb2 Nxd5 43. Qf8+ Kg5 44. Qxd6 Ne3 45. Qxe5+ Kg4 46. Qe6+ Kg5 47. Qe7+ Kh6 48. Qh4+ Kg7 49. Qd4+ Kh6 50. Qh4+ Kg7 51. b5 Nd5 52. Qd4+ Qxd4 53. cxd4 Kf6 54. Bb3 Nb6 55. Kc3 Ke7 56. Kb4 Kd6 57. Bg8 h6 58. Ka5 Kc7 59. Be6 g5 60. h3 h5 61. Ka6 Na4 62. Bb3 Nb6 63. Bd1 g4 64. hxg4 hxg4 65. Bxg4 Na4 66. Be6 Nb6 67. Ka7 Na4 68. d5 Nc3 69. b6+ Kd6 70. b7 1-0

[Event "Wch U12"]
[Site "Montesilvano"]
[Date "2024.11.17"]
[Round "3"]
[White "Zhandos, Akarys"]
[Black "Golubovic, Erik"]
[Result "0-1"]
[WhiteElo "1932"]
[BlackElo "2147"]
[PlyCount "46"]
[EventDate "2024.11.15"]
[EventType "swiss"]
[EventRounds "11"]
[EventCountry "ITA"]
[SourceTitle "CB48_2024"]
[SourceDate "2024.11.28"]
[SourceVersion "1"]
[SourceVersionDate "2024.11.28"]
[SourceQuality "1"]

1. e4 c5 2. Nc3 d6 3. d4 cxd4 4. Qxd4 Nc6 5. Qd2 g6 6. b3 Bh6 7. f4 Nf6 8. Bb2 0-0 9. 0-0-0 e5 10. g3 Re8 11. Kb1 Nd4 12. Nge2 Bg4 13. Nxd4 exd4 14. Qxd4 Bg7 15. Ne2 Rxe4 16. Qxd6 Qe8 17. Nc1 Bxd1 18. Qxd1 Re1 19. Qf3 Ne4 20. Qg2 Bxb2 21. Kxb2 Qe7 22. Kb1 Qa3 23. Bd3 Qxc1# 0-1

[Event "CRO-chT1B 32nd"]
[Site "Veli Losinj"]
[Date "2024.10.11"]
[Round "7.6"]
[White "Mocic, Ivano"]
[Black "Golubovic, Erik"]
[Result "1/2-1/2"]
[WhiteElo "2016"]
[BlackElo "2111"]
[PlyCount "28"]
[EventDate "2024.10.05"]
[EventType "team-tourn"]
[EventRounds "9"]
[EventCountry "CRO"]
[SourceTitle "CB47_2024"]
[SourceDate "2024.11.20"]
[SourceVersion "1"]
[SourceVersionDate "2024.11.20"]
[SourceQuality "1"]
[WhiteTeam "Sibenik"]
[BlackTeam "Rijeka Rijeka"]
[WhiteTeamCountry "CRO"]
[BlackTeamCountry "CRO"]

1. d4 Nf6 2. c4 e6 3. Nc3 Bb4 4. Nf3 0-0 5. Bg5 d5 6. e3 c5 7. Be2 cxd4 8. exd4 dxc4 9. 0-0 b6 10. Bxc4 Bb7 11. Qe2 Be7 12. Rad1 Nc6 13. Rfe1 Na5 14. Bd3 g6 1/2-1/2

[Event "CRO-chT1B 32nd"]
[Site "Veli Losinj"]
[Date "2024.10.10"]
[Round "6.6"]
[White "Golubovic, Erik"]
[Black "Krnic, Ivan"]
[Result "1/2-1/2"]
[WhiteElo "2111"]
[BlackElo "1974"]
[PlyCount "97"]
[EventDate "2024.10.05"]
[EventType "team-tourn"]
[EventRounds "9"]
[EventCountry "CRO"]
[SourceTitle "CB47_2024"]
[SourceDate "2024.11.20"]
[SourceVersion "1"]
[SourceVersionDate "2024.11.20"]
[SourceQuality "1"]
[WhiteTeam "Rijeka Rijeka"]
[BlackTeam "Split Brda"]
[WhiteTeamCountry "CRO"]
[BlackTeamCountry "CRO"]

1. d4 g6 2. e4 Bg7 3. Nf3 d6 4. Bc4 c6 5. Nbd2 Nf6 6. 0-0 0-0 7. e5 Ne8 8. Re1 d5 9. Bd3 Nc7 10. Nb3 b6 11. c3 Ne6 12. Ng5 Qc7 13. Nxe6 Bxe6 14. h3 c5 15. Nd2 Nc6 16. Nf3 cxd4 17. cxd4 Nb4 18. Bf4 Nxd3 19. Qxd3 Rac8 20. Rac1 Qb7 21. Qd2 Rxc1 22. Rxc1 Rc8 23. Bh6 Rxc1+ 24. Qxc1 Qc8 25. Qd2 Bxh6 26. Qxh6 f6 27. Qf4 Kg7 28. exf6+ exf6 29. Qe3 Bf7 30. Qd2 Qc7 31. Nh2 Be6 32. Nf1 Bf7 33. Ne3 Be6 34. Nd1 Bf7 35. Nc3 Qc4 36. Qf4 b5 37. a3 a5 38. Qd2 b4 39. axb4 axb4 40. Nd1 b3 41. Ne3 Qb5 42. Nd1 Qc4 43. Nc3 h5 44. Ne2 g5 45. Nc3 Bg6 46. Qe3 Bf7 47. Qd2 Bg6 48. Qe3 Bf7 49. Qd2 1/2-1/2